000 00241nam a2200097 a 4500
005 20200929165018.0
008 100316s1983 000 spa d
245 0 _aNociones de ortografĂ­a.
260 _aSanto Domingo,
_c1983.
999 _c16582
_d16582
040 _aDO-SdBNP